00377nam a2200085Ia 4500008004100000245008700041260000900128300012200137650003200259180130s9999 xx 000 0 und d cPorar, Rina; Meltzer, BertaImages of war and images of peace in sand-play therapy c2014 aBook title: Play : psychoanalytic perspectives, survival and human development--Acession number C18636; pages 133-154 aPLAY--PSYCHOLOGICAL ASPECTS